00283nam a2200121Ia 4500003000500000005001700005008004100022020001300063100001600076245002200092260002900114300001800143SISC20181008120003.0180205s9999 xx 000 0 und d a58270734 aRizal, Jose aNoli me tangere / aHong KongbLongmanc1995 aix, 406 pages